Computing Essentials 2005 Complete Edition /

Guardat en:
Dades bibliogràfiques
Autor principal: OLeary Timothy J.
Altres autors: OLeary Linda I.
Format: Llibre
Idioma:Vietnamese
Publicat: American : ADBS , 2004
Edició:Tái bản lần thứ 16
Matèries:
Etiquetes: Afegir etiqueta
Sense etiquetes, Sigues el primer a etiquetar aquest registre!
Thư viện lưu trữ: Thư viện Trường CĐ Kỹ Thuật Cao Thắng
LEADER 00697nam a2200217 a 4500
001 TVCDKTCT6552
003 Thư viện trường Cao đẳng Kỹ thuật Cao Thắng
005 20070405000000
008 070405
980 \ \ |a Thư viện Trường CĐ Kỹ Thuật Cao Thắng 
024 |a RG_1 #1 eb0 i1 
020 # # |a 0-07-283607-5 
041 0 # |a vie 
082 # # |a 005.369 /   |b C429P-t 
100 1 # |a OLeary Timothy J. 
245 0 0 |a Computing Essentials 2005 Complete Edition /  |c OLeary Timothy J., OLeary Linda I. 
250 # # |a Tái bản lần thứ 16 
260 # # |a American :  |b ADBS ,  |c 2004 
300 # # |a 448tr. ;  |c 27cm. 
650 # 4 |a Tin hoc ứng dụng 
700 0 # |a OLeary Linda I.